000
00207nam a22000857a 4500
008
161015b xxu||||| |||| 00| 0 eng d
100
_9
859
_a
Sewell.A.
245
_a
Black Beauty
260
_a
Trall
_b
Moody Press
_c
1980
999
_c
3512
_d
3512